00501nam a22001697a 450000500170000001000150001702000230003203500140005503700130006908200120008210000250009424501030011926000280022227000420025030000200029250000190031220170821161450.0 aENG-119961 a9380036825c200.00 aEN-103493 bDBAD/PUB a335.411 aRoychowdhury, Debesh aThe old debates in the new millennium :cby Debesh Roychowdhurybessays from marxian perspective / aKolkata bMitram c2016 a37A, College Street bKolkatae700073 a167p.c22cm(Hb) aInclude index